[Event "Menorca op 3rd"]
[Site "Ciutadella de Menorca"]
[Date "2024.04.05"]
[Round "6"]
[White "Macias Pino, Diego"]
[Black "Lagarde, Maxime"]
[Result "1-0"]
[WhiteElo "2478"]
[BlackElo "2640"]
[PlyCount "87"]
[EventDate "2024.04.02"]
[EventType "swiss"]
[EventRounds "9"]
[EventCountry "ESP"]
[SourceTitle "CB15_2024"]
[SourceDate "2024.04.10"]
[SourceVersion "1"]
[SourceVersionDate "2024.04.10"]
[SourceQuality "1"]

1. e4 c5 2. Nf3 e6 3. d4 cxd4 4. Nxd4 Nf6 5. Nc3 Nc6 6. Nxc6 bxc6 7. e5 Nd5 8. Ne4 Qc7 9. f4 Qb6 10. c4 Bb4+ 11. Ke2 f5 12. exf6 Nxf6 13. Be3 Qd8 14. Nd6+ Bxd6 15. Qxd6 Bb7 16. Kd1 c5 17. Qxc5 Be4 18. Qa3 d6 19. Rc1 0-0 20. Bd3 Qe8 21. Bxe4 Nxe4 22. Rc2 e5 23. Kc1 exf4 24. Bd4 Qh5 25. Re1 Rae8 26. Rce2 Qg6 27. Qxa7 d5 28. Qb7 Rd8 29. c5 Rf7 30. Qb6 Qg5 31. Kb1 Re8 32. a3 h5 33. Ka2 h4 34. Qb3 Qf5 35. h3 Re6 36. Qd3 Rg6 37. Rf1 Qd7 38. Rc2 Qc6 39. b4 Qa4 40. Bb2 Ra6 41. Qb3 Qb5 42. Rd1 Nf6 43. Rf2 Nd7 44. Rxd5 1-0

[Event "Titled Tuesday intern op 12th Mar Early"]
[Site "Chess.com INT"]
[Date "2024.03.12"]
[Round "3"]
[White "Borgaonkar, Akshay"]
[Black "Lagarde, Maxime"]
[Result "0-1"]
[WhiteElo "2372"]
[BlackElo "2638"]
[PlyCount "123"]
[EventDate "2024.03.12"]
[EventType "swiss (blitz)"]
[EventRounds "11"]
[EventCountry "USA"]
[SourceTitle "CB12_2024"]
[SourceDate "2023.10.01"]
[SourceVersion "1"]
[SourceVersionDate "2023.10.01"]
[SourceQuality "1"]

1. e4 c6 2. Nf3 d5 3. d3 g6 4. Nbd2 Bg7 5. c3 e5 6. g3 Ne7 7. Bg2 0-0 8. d4 dxe4 9. Nxe4 f5 10. Qb3+ Kh8 11. Neg5 e4 12. Ne5 Qd5 13. Qxd5 cxd5 14. Ngf7+ Kg8 15. Nh6+ Bxh6 16. Bxh6 Re8 17. h4 Nbc6 18. h5 Nxe5 19. dxe5 Nc6 20. hxg6 hxg6 21. 0-0-0 Nxe5 22. Rxd5 Nd3+ 23. Kd2 Be6 24. Rd6 Nxf2 25. Rh4 Rad8 26. Rxd8 Rxd8+ 27. Ke2 Ng4 28. Bg5 Rd7 29. Bh3 Bc4+ 30. Ke1 Ne5 31. Bg2 Nd3+ 32. Kf1 Nxb2+ 33. Kg1 Rh7 34. Rf4 Nd3 35. Rf1 Ne5 36. Rd1 Rd7 37. Rb1 Kf7 38. Bf4 Ke6 39. Rb4 b5 40. a4 Nd3 41. Rb1 Nxf4 42. gxf4 bxa4 43. Rb4 Bb3 44. Bf1 Rd1 45. Kf2 Rc1 46. Be2 Rxc3 47. Rb7 a3 48. Rxa7 a2 49. Ra6+ Kd5 50. Kg2 Rc2 51. Kh1 Rxe2 52. Ra5+ Kd4 53. Ra8 Ke3 54. Ra3 Kxf4 55. Kg1 g5 56. Kf1 Rb2 57. Kg1 g4 58. Ra5 g3 59. Kh1 Kg4 60. Ra8 f4 61. Rc8 e3 62. Rc1 0-1

[Event "Kragero op"]
[Site "Kragero"]
[Date "2024.02.21"]
[Round "2"]
[White "Kirk, Ezra"]
[Black "Lagarde, Maxime"]
[Result "0-1"]
[WhiteElo "2411"]
[BlackElo "2631"]
[PlyCount "50"]
[EventDate "2024.02.21"]
[EventType "swiss"]
[EventRounds "9"]
[EventCountry "NOR"]
[SourceTitle "CB09_2024"]
[SourceDate "2024.02.28"]
[SourceVersion "1"]
[SourceVersionDate "2024.02.28"]
[SourceQuality "1"]

1. Nf3 d5 2. c4 e6 3. g3 d4 4. Bg2 Nc6 5. e3 Bc5 6. 0-0 a5 7. Na3 Nge7 8. Nb5 Nf5 9. g4 Nfe7 10. d3 Ng6 11. exd4 Nxd4 12. Nfxd4 Bxd4 13. Nxd4 Qxd4 14. Be3 Qd8 15. Qd2 h5 16. g5 0-0 17. Be4 e5 18. f4 exf4 19. Bxf4 Bh3 20. Rf2 c6 21. Qe3 Qd7 22. Kh1 Rfe8 23. Qc5 Rad8 24. Rg1 Rxe4 25. dxe4 Qd1 0-1

[Event "Titled Tuesday intern op 13th Feb Early"]
[Site "Chess.com INT"]
[Date "2024.02.13"]
[Round "2"]
[White "Lagarde, Maxime"]
[Black "Omelja, Artem"]
[Result "0-1"]
[WhiteElo "2631"]
[BlackElo "2438"]
[PlyCount "100"]
[EventDate "2024.02.13"]
[EventType "swiss (blitz)"]
[EventRounds "11"]
[EventCountry "USA"]
[SourceTitle "CB08_2024"]
[SourceDate "2024.02.21"]
[SourceVersion "1"]
[SourceVersionDate "2024.02.21"]
[SourceQuality "1"]

1. d4 d5 2. Nf3 Nf6 3. g3 Bf5 4. Bg2 e6 5. 0-0 h6 6. c4 c6 7. Nc3 Be7 8. Nd2 0-0 9. Re1 Nbd7 10. e4 dxe4 11. Ndxe4 Nxe4 12. Bxe4 Bxe4 13. Nxe4 Nf6 14. Nc3 Bb4 15. Qb3 Bxc3 16. bxc3 Qd7 17. a4 c5 18. Ba3 b6 19. dxc5 Rfb8 20. Qb5 Qc7 21. Rad1 bxc5 22. Qxc5 Qxc5 23. Bxc5 Rc8 24. Bd4 Rxc4 25. a5 Nd5 26. Rd3 a6 27. Rb1 Rac8 28. Rb3 Ra4 29. Rb7 Rxa5 30. Rf3 f6 31. Rd3 e5 32. Be3 Rxc3 33. Rxc3 Nxc3 34. Kg2 Nd5 35. Kf3 Ra3 36. Ke4 Nxe3 37. fxe3 Kh7 38. g4 h5 39. gxh5 Ra2 40. Ra7 Rxh2 41. Rxa6 Rh4+ 42. Kf3 Rxh5 43. Kg4 Kg6 44. Ra7 Rh1 45. Kf3 f5 46. Re7 Kf6 47. Rb7 g6 48. Rb6+ Kg5 49. Re6 e4+ 50. Kg3 Rf1 0-1

[Event "Titled Tuesday intern op 06th Feb Early"]
[Site "Chess.com INT"]
[Date "2024.02.06"]
[Round "4"]
[White "Lagarde, Maxime"]
[Black "Duda, Jan Krzysztof"]
[Result "0-1"]
[WhiteElo "2631"]
[BlackElo "2732"]
[PlyCount "46"]
[EventDate "2024.02.06"]
[EventType "swiss (blitz)"]
[EventRounds "11"]
[EventCountry "USA"]
[SourceTitle "CB07_2024"]
[SourceDate "2024.02.14"]
[SourceVersion "1"]
[SourceVersionDate "2024.02.14"]
[SourceQuality "1"]

1. d4 Nf6 2. Bg5 e6 3. Nf3 h6 4. Bh4 c5 5. e3 d5 6. Nbd2 Nbd7 7. Bd3 Bd6 8. 0-0 c4 9. Be2 Qc7 10. c3 Rb8 11. Qc2 b5 12. e4 Nxe4 13. Nxe4 dxe4 14. Qxe4 Bb7 15. Qg4 0-0 16. Kh1 f5 17. Qg6 Bd5 18. Bg3 f4 19. Bh4 Rf5 20. Bd1 Nf8 21. Qg4 g5 22. Bc2 Qf7 23. Rae1 h5 0-1

[Event "Chessable Masters Play In"]
[Site "Chess.com INT"]
[Date "2024.01.31"]
[Round "4"]
[White "Firouzja, Alireza"]
[Black "Lagarde, Maxime"]
[Result "1-0"]
[WhiteElo "2759"]
[BlackElo "2642"]
[PlyCount "71"]
[EventDate "2024.01.31"]
[EventType "swiss (rapid)"]
[EventRounds "9"]
[EventCountry "USA"]
[SourceTitle "CB06_2024"]
[SourceDate "2024.02.07"]
[SourceVersion "1"]
[SourceVersionDate "2024.02.07"]
[SourceQuality "1"]

1. e4 e5 2. Nf3 Nc6 3. Bb5 f5 4. d3 fxe4 5. dxe4 Nf6 6. 0-0 Bc5 7. Qd3 d6 8. Qc4 Bd7 9. Bxc6 Bxc6 10. Nc3 Bb6 11. a4 a5 12. Be3 Bxe3 13. fxe3 Qe7 14. Ng5 0-0-0 15. Nb5 Kb8 16. Qc3 Nxe4 17. Nxe4 Bxe4 18. Qxa5 Rhf8 19. Qa7+ Kc8 20. Nc3 Bc6 21. b4 Qg5 22. e4 b6 23. Qa6+ Bb7 24. Qd3 Rf4 25. a5 bxa5 26. bxa5 Rdf8 27. Rfb1 Rf3 28. Qb5 Rxc3 29. Qxb7+ Kd7 30. Qb5+ Ke7 31. Qe2 Qe3+ 32. Qxe3 Rxe3 33. a6 Re2 34. Rb3 Rxe4 35. a7 Rc4 36. Rb8 1-0

[Event "Titled Tuesday intern op 23rd Jan Late"]
[Site "Chess.com INT"]
[Date "2024.01.23"]
[Round "2"]
[White "Lagarde, Maxime"]
[Black "Kashefi, Amir Hossein"]
[Result "1-0"]
[WhiteElo "2642"]
[BlackElo "2193"]
[PlyCount "81"]
[EventDate "2024.01.23"]
[EventType "swiss (blitz)"]
[EventRounds "11"]
[EventCountry "USA"]
[SourceTitle "CB05_2024"]
[SourceDate "2024.01.31"]
[SourceVersion "1"]
[SourceVersionDate "2024.01.31"]
[SourceQuality "1"]

1. d4 d5 2. c4 c6 3. Nc3 Nf6 4. Nf3 a6 5. c5 g6 6. Bg5 Bg7 7. e3 0-0 8. Bd3 Bg4 9. Qb3 Ra7 10. Ne5 Nbd7 11. Bxf6 Nxf6 12. 0-0 Be6 13. f4 Nd7 14. Na4 Qc7 15. Nb6 Nb8 16. a4 a5 17. Rf3 f6 18. Nxg6 hxg6 19. Bxg6 f5 20. Raf1 Nd7 21. Rh3 Rf6 22. Bh7+ Kf8 23. Rff3 Ra6 24. Nxd7+ Qxd7 25. Rfg3 Ra8 26. Qd1 Bf7 27. Rg5 Bh6 28. Rxf5 Rxf5 29. Bxf5 Qxf5 30. Rxh6 Bg6 31. Rh8+ Kg7 32. Rxa8 Bh5 33. Qe1 Bg6 34. h3 Qc2 35. Kh2 Qxb2 36. Qh4 Kf7 37. Qh6 Qc2 38. Rf8+ Ke6 39. f5+ Kd7 40. Qxg6 Qxf5 41. Qxf5+ 1-0

[Event "Titled Tuesday intern op 23rd Jan Late"]
[Site "Chess.com INT"]
[Date "2024.01.23"]
[Round "7"]
[White "Yagupov, Igor"]
[Black "Lagarde, Maxime"]
[Result "0-1"]
[WhiteElo "2290"]
[BlackElo "2642"]
[PlyCount "70"]
[EventDate "2024.01.23"]
[EventType "swiss (blitz)"]
[EventRounds "11"]
[EventCountry "USA"]
[SourceTitle "CB05_2024"]
[SourceDate "2024.01.31"]
[SourceVersion "1"]
[SourceVersionDate "2024.01.31"]
[SourceQuality "1"]

1. e4 c6 2. d4 d5 3. Nc3 dxe4 4. Nxe4 Nf6 5. Nxf6+ exf6 6. c3 Bd6 7. Bd3 0-0 8. Qc2 Re8+ 9. Ne2 h5 10. Be3 Nd7 11. 0-0-0 Nf8 12. c4 b5 13. c5 Bc7 14. d5 cxd5 15. Bxb5 Re5 16. Nd4 Bb7 17. Nc6 Bxc6 18. Bxc6 Rb8 19. Bf4 Ne6 20. Bxe5 Bxe5 21. Rxd5 Qa5 22. b3 Nd4 23. Rxd4 Bxd4 24. Kb1 Bxc5 25. Rd1 Ba3 26. Bd5 Rd8 27. Bc4 Rxd1+ 28. Qxd1 g6 29. Kc2 Qf5+ 30. Qd3 Qxf2+ 31. Qe2 Qf5+ 32. Qd3 Qg5 33. Qe2 Kg7 34. Kd3 Bb4 35. Qe8 Qd2+ 0-1

[Event "Titled Tuesday intern op 16th Jan Late"]
[Site "Chess.com INT"]
[Date "2024.01.16"]
[Round "4"]
[White "Yang, Kevin S"]
[Black "Lagarde, Maxime"]
[Result "0-1"]
[WhiteElo "2096"]
[BlackElo "2642"]
[PlyCount "130"]
[EventDate "2024.01.16"]
[EventType "swiss (blitz)"]
[EventRounds "11"]
[EventCountry "USA"]
[SourceTitle "CB04_2024"]
[SourceDate "2023.10.16"]
[SourceVersion "1"]
[SourceVersionDate "2023.10.16"]
[SourceQuality "1"]

1. Nf3 c6 2. g3 d5 3. Bg2 Bg4 4. d3 Nd7 5. c4 dxc4 6. dxc4 Ngf6 7. 0-0 e6 8. Nc3 Nc5 9. h3 Qxd1 10. Rxd1 Bf5 11. Nh4 Bc2 12. Rd2 Bg6 13. Nxg6 hxg6 14. b3 a5 15. Bb2 Be7 16. Rad1 Rd8 17. Rxd8+ Bxd8 18. e4 e5 19. Ba3 Be7 20. Bc1 Ne6 21. Be3 Bc5 22. Bxc5 Nxc5 23. h4 Ke7 24. Kf1 Rd8 25. Rxd8 Kxd8 26. Ke2 Ke7 27. f3 Nh5 28. Kf2 Kd6 29. Bf1 Nf6 30. Ke3 Nfd7 31. Bh3 Nf8 32. f4 f6 33. Bg4 Nfe6 34. Bxe6 Nxe6 35. Ne2 Kc5 36. Kd3 Kb4 37. f5 Nc5+ 38. Ke3 gxf5 39. exf5 Ka3 40. Nc3 b5 41. cxb5 cxb5 42. Nxb5+ Kxa2 43. g4 Kxb3 44. g5 Nd7 45. Ke4 Kb4 46. Nc7 a4 47. Nd5+ Kb3 48. gxf6 Nxf6+ 49. Nxf6 gxf6 50. h5 a3 51. h6 a2 52. h7 a1Q 53. h8Q Qd4+ 54. Kf3 Qf4+ 55. Ke2 Qxf5 56. Qb8+ Kc4 57. Qc7+ Kd5 58. Qb7+ Kd6 59. Qb6+ Ke7 60. Qb7+ Qd7 61. Qb4+ Qd6 62. Qh4 Ke6 63. Qg4+ Kd5 64. Qf3+ Kc5 65. Qa3+ Kc6 0-1

[Event "Titled Tuesday intern op 16th Jan Late"]
[Site "Chess.com INT"]
[Date "2024.01.16"]
[Round "8"]
[White "Yoo, Christopher Woojin"]
[Black "Lagarde, Maxime"]
[Result "1-0"]
[WhiteElo "2595"]
[BlackElo "2642"]
[PlyCount "289"]
[EventDate "2024.01.16"]
[EventType "swiss (blitz)"]
[EventRounds "11"]
[EventCountry "USA"]
[SourceTitle "CB04_2024"]
[SourceDate "2023.10.16"]
[SourceVersion "1"]
[SourceVersionDate "2023.10.16"]
[SourceQuality "1"]

1. e4 c6 2. Nf3 d5 3. exd5 cxd5 4. Ne5 Nf6 5. d4 e6 6. c3 Be7 7. Bd3 Nc6 8. f4 0-0 9. Nd2 Ne8 10. 0-0 g6 11. Rf3 f5 12. Rh3 Nf6 13. Ndf3 Ne4 14. Qe1 Bf6 15. Be3 Bd7 16. Bxe4 fxe4 17. Ng5 Bxg5 18. Nxc6 Bxc6 19. fxg5 Bb5 20. b3 Bd3 21. Rh6 Rf7 22. Qg3 Qc7 23. Qxc7 Rxc7 24. Rc1 Rac8 25. Bd2 b5 26. b4 e5 27. dxe5 d4 28. e6 e3 29. Be1 Bf5 30. Rh4 d3 31. Rd4 d2 32. Bxd2 exd2 33. Rxd2 Bxe6 34. Re1 Bf7 35. Re5 Rxc3 36. h4 Rc1+ 37. Kh2 R1c4 38. Kg3 Rxb4 39. Rd7 Ra4 40. Ree7 Rf8 41. Rxa7 Rxa7 42. Rxa7 Rd8 43. Rb7 Bc4 44. a3 Ra8 45. Kf4 Rxa3 46. Ke5 Ra6 47. g4 Re6+ 48. Kf4 Re8 49. h5 Rf8+ 50. Ke5 Re8+ 51. Kf4 Bf7 52. h6 Bc4 53. Rg7+ Kh8 54. Rb7 Bd3 55. Kg3 Bc4 56. Kf4 Rf8+ 57. Kg3 Rc8 58. Kf4 Rc5 59. Rb8+ Bg8 60. Rb7 Rc4+ 61. Kg3 b4 62. Kh4 Rd4 63. Rb8 b3 64. Rb7 Rd2 65. Kg3 b2 66. Rb8 Rc2 67. Kh4 Re2 68. Kg3 Rd2 69. Kh4 Rd8 70. Rxb2 Be6 71. Rb6 Bf7 72. Rb7 Kg8 73. Kg3 Kf8 74. Kf4 Re8 75. Rc7 Re7 76. Rc8+ Be8 77. Rb8 Kf7 78. Ra8 Rb7 79. Ra6 Rb4+ 80. Kg3 Bd7 81. Ra7 Rxg4+ 82. Kf3 Rd4 83. Ke3 Rd6 84. Ra8 Rd5 85. Rh8 Rxg5 86. Rxh7+ Ke6 87. Rg7 Rh5 88. Rxg6+ Kf5 89. Ra6 Be6 90. Ra5+ Kg6 91. Rxh5 Kh7 92. Kf4 Bb3 93. Kg5 Bc2 94. Rh4 Kg8 95. Rd4 Bb1 96. Rd7 Bc2 97. Rc7 Bb1 98. Rg7+ Kh8 99. Kf6 Bc2 100. Re7 Bb1 101. Re8+ Kh7 102. Kg5 Bc2 103. Rc8 Bd3 104. Rc3 Bb1 105. Re3 Bc2 106. Kf6 Bb1 107. Re7+ Kh8 108. Rc7 Bd3 109. Ke5 Bb1 110. Kd4 Bf5 111. Kc3 Be4 112. Kd2 Bf5 113. Re7 Bb1 114. Ke3 Bf5 115. Kf4 Bb1 116. Kg5 Bc2 117. Kh5 Bb1 118. Kh4 Bc2 119. Rd7 Bb1 120. Ra7 Bd3 121. Kg3 Bc2 122. Kf4 Bd3 123. Rc7 Bb1 124. Rd7 Bc2 125. Ke5 Bb1 126. Kf6 Bc2 127. Kf7 Bb1 128. Rd8+ Kh7 129. Kf6 Bc2 130. Rb8 Bd3 131. Rc8 Bb1 132. Re8 Bc2 133. Rd8 Bb1 134. Kg5 Bc2 135. Rd2 Bb1 136. Rg2 Kh8 137. Rg3 Bc2 138. h7 Bxh7 139. Kf6 Bc2 140. Rh3+ Bh7 141. Rc3 Bg8 142. Kg6 Bd5 143. Rc7 Be4+ 144. Kf7 Bd5+ 145. Kf6 1-0

[Event "Titled Tuesday intern op 09th Jan Early"]
[Site "Chess.com INT"]
[Date "2024.01.09"]
[Round "7"]
[White "Lagarde, Maxime"]
[Black "Terry, Renato"]
[Result "1/2-1/2"]
[WhiteElo "2642"]
[BlackElo "2522"]
[PlyCount "131"]
[EventDate "2024.01.09"]
[EventType "swiss (blitz)"]
[EventRounds "11"]
[EventCountry "USA"]
[SourceTitle "CB03_2024"]
[SourceDate "2024.01.17"]
[SourceVersion "1"]
[SourceVersionDate "2024.01.17"]
[SourceQuality "1"]

1. d4 e6 2. c4 Bb4+ 3. Bd2 Bxd2+ 4. Qxd2 Nf6 5. Nc3 d6 6. e3 0-0 7. Bd3 e5 8. Nge2 Qe7 9. 0-0 Re8 10. Rae1 c6 11. Ng3 h5 12. f4 h4 13. fxe5 dxe5 14. Nge4 Nbd7 15. c5 Nxe4 16. Nxe4 Rf8 17. Bc4 b6 18. Rxf7 Rxf7 19. Nd6 Nf6 20. Bxf7+ Kh7 21. Qf2 Ng4 22. Qc2+ Kh8 23. Qg6 Nh6 24. Rf1 exd4 25. exd4 h3 26. Nxc8 Qe3+ 27. Kh1 Rxc8 28. gxh3 Qxd4 29. cxb6 axb6 30. Bb3 c5 31. Bc2 Qd5+ 32. Be4 Qg8 33. Rf4 Re8 34. Rh4 Re6 35. Rxh6+ gxh6 36. Qxg8+ Kxg8 37. Bd5 Kf7 38. Kg2 Kf6 39. Bxe6 Kxe6 40. Kf3 Kd5 41. Ke3 c4 42. a4 Ke5 43. h4 h5 44. Kd2 Kd4 45. Kc2 Kd5 46. Kc3 Kc5 47. b3 cxb3 48. Kxb3 Kc6 49. Kc4 Kb7 50. Kb4 Ka6 51. h3 Ka7 52. a5 Kb7 53. axb6 Kxb6 54. Kc4 Kc6 55. Kd4 Kd6 56. Ke4 Ke6 57. Kf4 Kf6 58. Ke4 Kg7 59. Kf5 Kh8 60. Kg6 Kg8 61. Kxh5 Kh8 62. Kg6 Kg8 63. h5 Kh8 64. h6 Kg8 65. h7+ Kh8 66. h4 1/2-1/2

[Event "Hastings Masters op"]
[Site "Hastings"]
[Date "2023.12.30"]
[Round "3"]
[White "Lagarde, Maxime"]
[Black "Willow, Jonah B"]
[Result "1/2-1/2"]
[WhiteElo "2640"]
[BlackElo "2427"]
[PlyCount "69"]
[EventDate "2023.12.28"]
[EventType "swiss"]
[EventRounds "9"]
[EventCountry "ENG"]
[SourceTitle "CB02_2024"]
[SourceDate "2024.01.10"]
[SourceVersion "1"]
[SourceVersionDate "2024.01.10"]
[SourceQuality "1"]

1. c4 e6 2. Nc3 Bb4 3. e4 Ne7 4. Nf3 0-0 5. d4 c5 6. Bd3 cxd4 7. Nxd4 d5 8. exd5 exd5 9. cxd5 Qxd5 10. 0-0 Bxc3 11. bxc3 Nbc6 12. Ba3 Rd8 13. Re1 Ng6 14. Be4 Qg5 15. Rb1 Nxd4 16. cxd4 Be6 17. Rxb7 Qa5 18. Bc5 Qxa2 19. Qf3 Qd2 20. Reb1 Qg5 21. Qe3 Qh5 22. f3 a6 23. R7b2 Bd5 24. g4 Qh4 25. Bxd5 Rxd5 26. Qe4 Qd8 27. Rb7 h5 28. R1b6 Qg5 29. h4 Qc1+ 30. Kf2 Rad8 31. Rb8 Nf4 32. Kg3 Ne6 33. Rxd8+ Rxd8 34. Rxe6 fxe6 35. Qxe6+ 1/2-1/2